书目信息 |
| 题名: |
论思想政治工作的科学性和艺术性
|
|
| 作者: | 王明方 著 | |
| 分册: | ||
| 出版信息: | 哈尔滨 黑龙江人民出版社 1983.07 |
|
| 页数: | 199页 | |
| 开本: | 19cm | |
| 丛书名: | ||
| 单 册: | ||
| 中图分类: | B026 | |
| 科图分类: | ||
| 主题词: | 辩证唯物主义 | |
| 电子资源: | ||
| ISBN: | ||
| 000 | 00573nam0 2200193 45 | |
| 001 | 0181024152 | |
| 005 | 20060820145033.14 | |
| 010 | @dCNY0.55 | |
| 091 | @a3093.292 | |
| 100 | @a20810111d km y0chiy0120 ea | |
| 101 | 0 | @achi |
| 200 | 1 | @ALUN SI XIANG ZHENG ZHI GONG ZUO DE KE XUE XING HE YI SHU XIN@FWang Ming Fang Zhu@a论思想政治工作的科学性和艺术性@f王明方著 |
| 210 | @a哈尔滨@c黑龙江人民出版社@d1983.07 | |
| 215 | @a199页@d19cm | |
| 606 | 0 | @a辩证唯物主义 |
| 690 | @aB026@v3 | |
| 701 | 0 | @a王明方@4著 |
| 801 | @aCN@bTSTC@c20060820 | |
| 905 | @dB026@e25@f2@b117205-206 | |
| 论思想政治工作的科学性和艺术性/王明方著.-哈尔滨:黑龙江人民出版社,1983.07 |
| 199页;19cm |
| ISBN :CNY0.55 |
| ● |
| 相关链接 |
|
|
|
|
正题名:论思想政治工作的科学性和艺术性
索取号:B026/25
 
预约/预借
| 序号 | 登录号 | 条形码 | 馆藏地/架位号 | 状态 | 备注 |
| 1 | 0117203 | 001867689 | 密集书库/ [索取号:B026/25] | 在馆 | |
| 2 | 0117204 | 001867714 | 密集书库/ [索取号:B026/25] | 在馆 | |
| 3 | 0117205 | 001115894 | 第一样本阅览室/ [索取号:B026/25] | 在馆 | |
| 4 | 0117206 | 001115901 | 第一借阅区/ [索取号:B026/25] | 在馆 | |
| 5 | 0117207 | 001867750 | 密集书库/ [索取号:B026/25] | 在馆 | |
| 6 | 0465283 | 204652839 | 密集书库/ [索取号:B026/25] | 在馆 | |
| 7 | 0465504 | 204655042 | 密集书库/ [索取号:B026/25] | 在馆 | |
| 8 | 0471668 | 204716682 | 密集书库/ [索取号:B026/25] | 在馆 |